| 000 | 00990 am a2200241 4500 | ||
|---|---|---|---|
| 001 | 173615 | ||
| 003 | ES-MaACL | ||
| 005 | 20230906215305.0 | ||
| 008 | 091214s2009 sp |||| | spa d ..| | ||
| 015 | _aMON09 | ||
| 020 | _a978-84-7820-992-7 | ||
| 040 | _aSpMaBN | ||
| 080 | _a7.036(460.22)(063) | ||
| 111 | 2 |
_aColoquio de Arte Aragonés ( _n12º. _d2006. _cZaragoza) _9141805 |
|
| 245 | 1 | 3 |
_aEl arte del siglo XX _b: XII Coloquio de Arte Aragonés / _cedición y coordinación científica Cristina Giménez Navarro, Concepción Lomba Serrano. |
| 260 |
_aZaragoza : _bInstitución "Fernando el Católico : _bDepartamento de Historia del Arte, Universidad de Zaragoza, _c2009. |
||
| 300 |
_a703 p. : _bil. ; _c24 cm. |
||
| 650 |
_aArte- _zAragón- _yS.XX- _vCongresos y asambleas. _9141806 |
||
| 700 | 1 |
_aGiménez Navarro, Cristina. _9141807 |
|
| 700 | 1 |
_aLomba Serrano, Concepción. _9138552 |
|
| 710 | 2 |
_aInstitución "Fernando el Católico" _94721 |
|
| 852 |
_aES-MaACL _jL-5327 |
||
| 999 |
_c173615 _d173615 |
||